| 000 | 00621nam a2200181 i 4500 | ||
|---|---|---|---|
| 001 | 88527 | ||
| 003 | ES-MaACL | ||
| 005 | 20230906175857.0 | ||
| 007 | t| | ||
| 008 | 050104s1963 sp ||||1| spa d | ||
| 100 | 1 |
_aLamadrid Jiménez, Lázaro. _969758 |
|
| 245 | 1 | 3 |
_aEl alavés Fray Fermín Francisco de Lasuen O.F.M. (1736-1803) / _cpor Lázaro Lamadrid Jiménez. |
| 260 |
_a[Vitoria : _bs.n., _c1963] |
||
| 300 |
_a2 v., 15 lám. ; _c26 cm. |
||
| 500 | _aPrecede al tít.: Diputación Foral de Alava. Consejo de Cultura. | ||
| 710 | 1 |
_aÁlava. _bConsejo de Cultura. _91309 |
|
| 852 |
_aES-MaACL _jC-23556-7 _bR.52302 |
||
| 999 |
_c88527 _d88527 |
||